Southville International School and Colleges
Your cart is empty.
  • Cart
  • Lists
    Public lists Eva Luna New books Lux_list list_1
    Your lists Log in to create your own lists
  • Log in to your account
  • Your cookies
  • Search history
Southville International School and Colleges
  • Advanced search
  • Recent comments
  • Most popular
  • Libraries

Log in to your account

Log in with GOOGLE


If you do not have an external account, but do have a local account, you can still log in:

  1. Home
  2. MARC view: Practical guide to mastery of English :
Normal view MARC view ISBD view

Practical guide to mastery of English : (Record no. 357362)

[ view plain ]
MARC details
000 -LEADER
fixed length control field 00714nam a2200241Ia 4500
008 - FIXED-LENGTH DATA ELEMENTS--GENERAL INFORMATION
fixed length control field 180523s9999 xx 000 0 und d
020 ## - INTERNATIONAL STANDARD BOOK NUMBER
International Standard Book Number 981-207-151-2
050 ## - LIBRARY OF CONGRESS CALL NUMBER
Classification number MAIN PE 1128
050 ## - LIBRARY OF CONGRESS CALL NUMBER
Item number .N36 2008
100 ## - MAIN ENTRY--PERSONAL NAME
Personal name Nandy, Milon.
245 #0 - TITLE STATEMENT
Title Practical guide to mastery of English :
245 #0 - TITLE STATEMENT
Remainder of title with excercises and answers /
245 #0 - TITLE STATEMENT
Statement of responsibility, etc Milon Nandy.
250 ## - EDITION STATEMENT
Edition statement 2nd Edition Revised & Updated
260 ## - PUBLICATION, DISTRIBUTION, ETC. (IMPRINT)
Place of publication, distribution, etc Singapore :
260 ## - PUBLICATION, DISTRIBUTION, ETC. (IMPRINT)
Name of publisher, distributor, etc Composite Study Aid,
260 ## - PUBLICATION, DISTRIBUTION, ETC. (IMPRINT)
Date of publication, distribution, etc 2008
300 ## - PHYSICAL DESCRIPTION
Extent 332 pages :
300 ## - PHYSICAL DESCRIPTION
Dimensions 22 cm.
650 ## - SUBJECT ADDED ENTRY--TOPICAL TERM
Topical term or geographic name as entry element English language -- Grammar.
650 ## - SUBJECT ADDED ENTRY--TOPICAL TERM
Topical term or geographic name as entry element English language -- Study and teaching.
650 ## - SUBJECT ADDED ENTRY--TOPICAL TERM
General subdivision English language -- Grammar -- Problems, exercises, etc.
Holdings
Withdrawn status Lost status Damaged status Home library Current library Shelving location Date acquired Cost, normal purchase price Total Checkouts Full call number Barcode Date last seen Price effective from Koha item type
      South Mansfield College South Mansfield College   02/14/2011 495.00   MAIN PE 1128 .N36 2008 SMC05354 05/23/2018 05/23/2018  

Practical guide to mastery of English :

APA

Nandy M., .Practical guide to mastery of English. Singapore: .

Chicago

Nandy Milon, .Practical guide to mastery of English. Singapore: .

Harvard

Nandy M., .Practical guide to mastery of English. Singapore: .

MLA

Nandy Milon, .Singapore: . .

  • Place hold
  • Print
  • Cite
  • Add to your cart (remove)
  • Save record
    BIBTEX Dublin Core MARCXML MARC (non-Unicode/MARC-8) MARC (Unicode/UTF-8) MARC (Unicode/UTF-8, Standard) MODS (XML) RIS
  • More searches
    Search for this title in:
    Other Libraries (WorldCat) Other Databases (Google Scholar) Online Stores (Bookfinder.com) Open Library (openlibrary.org)

Exporting to Dublin Core...

SOUTHVILLE LIBRARY

Southville International School and Colleges Library

1281 Tropical Ave. Cor. Luxembourg St., BF Homes International, Las Pinas City

Tel. No. 8256374 / 252358 Loc. 117/146

Powered by Koha